000
00299nam a22001337a 4500
008
180310b xxu||||| |||| 00| 0 eng d
020
_a
9780131953338
041
_a
eng
080
_2
3rd ed.
_a
510
100
_a
36
101
_a
MAT
245
_a
Intermediate Algebra
_c
Lehmann, J
942
_2
udc
_c
BK
999
_c
44653
_d
44653